Essentials of virology (Record no. 394970)

MARC details
000 -LEADER
fixed length control field 00526 a2200217 4500
005 - DATE & TIME
control field 20260205124010.0
008 - FIXED-LENGTH DATA ELEMENTS--GENERAL INFORMATION
fixed length control field 260205b |||||||| |||| 00| 0 eng d
020 ## - ISBN
International Standard Book Number 9789394645547
Price Rs. 3995.00
040 ## - CATALOGING SOURCE
Original cataloging agency VIVEKANANDA LIBRARY
082 ## - DDC NUMBER
Classification number 579.2
Book Number R246E(2)
100 ## - MAIN ENTRY--PERSONAL NAME
Personal name Reddy, S Ram
245 ## - TITLE STATEMENT
Title Essentials of virology
250 ## - EDITION STATEMENT
Edition statement 2nd
260 ## - PUBLICATION, DISTRIBUTION, ETC. (IMPRINT)
Name of publisher, distributor, etc Scientific Publishers
Date of publication, distribution, etc 2025
Place of publication, distribution, etc Jodhpur
300 ## - PHYSICAL DESCRIPTION
Pages x, 430
650 ## - Subject
Subject Microorganisms
650 ## - Subject
Subject Viruses
650 ## - Subject
Subject Virology
700 ## - Added Entry Personal Name
Added Entry Personal Name Reddy, S M
942 ## - ADDED ENTRY ELEMENTS (KOHA)
Koha item type Books
Holdings
Withdrawn status Lost status Source of classification or shelving scheme Damaged status Not for loan Location (home branch) Sublocation or collection (holding branch) Shelving location Date acquired Koha issues (times borrowed) Koha full call number Accession No. Koha date last seen Koha item type
    Dewey Decimal Classification     VIVEKANANDA LIBRARY VIVEKANANDA LIBRARY Vivekananda Library 06/01/2026   579.2 R246E(2) 444116 06/01/2026 Books
© Designed and Maintained by Vivekananda Library, MDU Rohtak